| 000 | 00000nam 2200000zi 4500 |
| 001 | 9.930237 |
| 003 | CaOODSP |
| 005 | 20240212104131 |
| 006 | m o d f |
| 007 | cr |n||||||||| |
| 008 | 231110e202002##onc o f|0| 0 eng d |
| 040 | |aCaOODSP|beng|erda|cCaOODSP |
| 043 | |an-cn--- |
| 086 | 1 |aJ2-350/2020E-PDF |
| 245 | 00|aResponse of the Government of Canada to the Report of the Judicial Compensation and Benefits Commission. |
| 264 | 1|a[Ottawa] : |bDepartment of Justice Canada = Ministère de la Justice Canada, |cFebruary 2020. |
| 264 | 4|c©2020 |
| 300 | |a1 online resource (7 unnumbered pages) |
| 336 | |atext|btxt|2rdacontent |
| 337 | |acomputer|bc|2rdamedia |
| 338 | |aonline resource|bcr|2rdacarrier |
| 500 | |aIssued also in French under title: Réponse du Gouvernement du Canada au rapport de la Commision d'examen de la rémunération des juges. |
| 650 | 0|aJudges|xSalaries, etc.|zCanada. |
| 710 | 1 |aCanada. |bDepartment of Justice, |eissuing body. |
| 775 | 08|tReponse du Gouvernement du Canada au rapport de la Commision d'examen de la rémunération des juges.|w(CaOODSP)9.933723 |
| 856 | 40|qPDF|s183 KB|uhttps://publications.gc.ca/collections/collection_2024/jus/J2-350-2020-eng.pdf |